Etapy, smer a perspektívy revolúcie Úvaha o novovydanom 12. zväzku Zobraných spisov V. I. Lenina

Bibliographic Details
Main Authors: Hanisko, Eugen (Author), Lenin, Vladimir Iľjič, 1870-1924 (Author)
Format: Article
Language:Slovak
Subjects:

MARC

LEADER 00000nab a2200000 a 4500
001 vtls000104603
003 SK-MaSNL
005 20260303191314.0
008 111104c1982 xo 0 slo
015 |a SNBRB19rr/mm-uuuuu 
035 |a CL0114706 
040 |a SNKBUCL  |b slo  |c SNKBUCL  |e AACR2 
041 0 |a slo 
044 |a xo  |c SK 
080 |a 1 100.1  |2 1981 
100 1 |a Hanisko, Eugen  |4 aut  |9 489550 
245 1 0 |a Etapy, smer a perspektívy revolúcie  |b Úvaha o novovydanom 12. zväzku Zobraných spisov V. I. Lenina  |c Eugen Hanisko 
300 |b Obr. 4. 
600 1 7 |a Lenin, Vladimir Iľjič,  |d 1870-1924  |2 snkbucl  |9 101472 
655 7 |a články z novín a časopisov  |2 snkbucl  |9 267496 
700 1 |a Lenin, Vladimir Iľjič,  |d 1870-1924  |4 aut  |9 101472 
773 0 |t Nedeľná Pravda  |g Roč. 15, č. 3 (1982), s. 4-5 
787 0 8 |i Rec.:  |a Lenin, Vladimir Iľjič  |t Zobrané spisy. 12. zv  |d Bratislava : Pravda, 1981 
850 |a Slovenská národná knižnica v Martine  |a MTA001 
852 |a SNK  |b KIS3GCP 
958 |a RK 
992 |a RBX 
999 |c 2140621  |d 2142551